| 000 | 00536cam a2200181 a 4500 | ||
|---|---|---|---|
| 001 | unk83024514 | ||
| 003 | DLC | ||
| 005 | 20260227112800.0 | ||
| 008 | 830721q19001983le a 000 0 armo | ||
| 010 |
_aunk83024514 _z 94963779 |
||
| 040 |
_aDLC _cDLC _dDLC |
||
| 050 | 0 | 0 |
_aPK8548.P34 _bH3 |
| 100 | 1 | _aPērpērean, Harutʻiwn. | |
| 245 | 1 | 0 |
_aHaghtʻanakě hamerginn ē / _cHarutʻiwn Pērpērean. |
| 260 |
_a[Beirut, Lebanon : _b"Tparan Mesrop"] _c[19--] |
||
| 300 |
_a382 p. : _bill. ; _c25 cm. |
||
| 500 | _aPoems and short stories. | ||
| 999 |
_c91436 _d91436 |
||